00363nam a22001331i 450000100060000001000180000610000410002420000490006521000210011421500230013522500220015830000290018070000200020921767 a9789727116140 a20170304u u u0frey50 ba1 fOshoaO livro do egoeliberte-se da ilusão cPergaminhod2005 a275, [5] p.d23 cm2 aOs livros de Osho aOferta de Jorge Araújo aOshof1931-1990